| 000 | 00000nam##2200000za#4500 |
| 001 | 9.569881 |
| 003 | CaOODSP |
| 005 | 20210624181958 |
| 007 | cr ||||||||||| |
| 008 | 150406|1993||||xxc|||||o f|0| 0 eng|d |
| 040 | |aCaOODSP|beng |
| 043 | |an-cn--- |
| 086 | 1 |aNH18-1-2/62-1993E-PDF |
| 110 | 2 |aCanada Mortgage and Housing Corporation. |
| 245 | 10|aResearch project on the noise isolation provided by access doors in multi-dwelling buildings / |h[electronic resource]|cby Michel Morin. |
| 260 | |aOttawa - Ontario : |bCanada Mortgage and Housing Corporation |c[1993]. |
| 300 | |a71p.|bfigs., graphs |
| 490 | 1 |aResearch report |
| 546 | |a(Résumé en français.) |
| 590 | |a11-25-Supp|b2011-10-31 |
| 720 | 1 |aMorin, Michel |
| 830 | #0|aResearch report (Canada Mortgage and Housing Corporation : Online)|w(CaOODSP)9.506068 |
| 856 | 40|ahttp://publications.gc.ca|qPDF|s3.64 MB|uhttps://publications.gc.ca/collections/collection_2011/schl-cmhc/nh18-1-2/NH18-1-2-62-1993-eng.pdf |